000 00952cab a2200265 4500
001 ABS59977
008 090401t1999 xxu||||| |||| 00| 0 eng d
035 _a(Sirsi) u90926
041 _aeng
100 _aDavey, J.
245 4 _aThe student and the property investor - an unlikely pairing
260 _c1999
350 _a0
490 _aProperty Week
_v64(3) 22 January 1999, 8(1)
520 _aProperty investors are increasingly turning to the student accommodation market as a safe and relatively lucrative investment. Discusses the various options for investors, and the advantages and disadvantages of investing in the sector.
650 _aHALLS OF RESIDENCE
650 _aINVESTMENT MARKET
650 _aPROPERTY MARKET
650 _aSTUDENT ACCOMMODATION
650 _aSTUDENT HOUSING
650 _aUNIVERSITIES
690 _aPROPERTY-RESIDENTIAL PROPERTY-RESIDENTIAL PROPERTY MARKET
942 _n0
948 _c26/01/1999
999 _c57686
_d57686